| 000 | 01289cam a2200277 i 4500 | ||
|---|---|---|---|
| 003 | SA-RiAUC | ||
| 005 | 20260313125941.0 | ||
| 008 | 260131s1936 ua g 00000bara c | ||
| 040 |
_aSA-JeALM _bara _cSA-RiAUC _erda |
||
| 082 | 0 | 4 | _a252.5 |
| 090 |
_aم ن 252.5 _bم ح ب |
||
| 100 | 1 |
_aمحب الدين الطبري، أحمد بن عبد الله بن محمد، _d615-694 هجري _eمؤلف. |
|
| 245 | 1 | 0 |
_aحجة المصطفى صلى الله عليه وسلم / _cتأليف أبو العباس محب الدين أحمد بن عبد الله بن محمد الطبري ؛ تعليق رضوان محمد رضوان. |
| 264 | 1 |
_aالقاهرة : _bالمكتبة التجارية الكبرى، _c[1935] |
|
| 300 |
_a76 صفحة ؛ _c29 سم |
||
| 336 |
_aنص _btxt _2rdacontent _3كتاب |
||
| 337 |
_aبدون وسيط _bn _2rdamedia |
||
| 338 |
_aمجلد _bnc _2rdacarrier |
||
| 600 | 0 | 7 |
_aمحمد (صلى الله عليه وسلم)، _d53 قبل الهجرة-11 هجري _2aucnm |
| 650 | 7 |
_aالحج _2aucsh |
|
| 650 | 7 |
_aالسيرة النبوية _xحجة الوداع _2aucsh |
|
| 650 | 7 |
_aالسيرة النبوية _2aucsh |
|
| 700 | 1 |
_aرضوان، رضوان محمد _eمعلق. |
|
| 942 |
_2ddc _cRBOOK COPY _n0 |
||
| 949 |
_aSA-JeALM _d260131 _umohamedma123 _n1 |
||
| 999 |
_c14565 _d14565 |
||